|
|
|
|
| LEADER |
00000nab#a22000007a#4500 |
| 001 |
arbauad006448 |
| 003 |
AR-BaUAD |
| 005 |
20250711110754.0 |
| 008 |
941104|||||||||###||||||b###|0###a|spa|| |
| 040 |
|
|
|a AR-BaUAD
|c AR-BaUAD
|b spa
|
| 100 |
|
|
|a Fernández, Roberto
|
| 245 |
|
|
|a Domus aérea /
|c Roberto Fernández;
|
| 300 |
0 |
|
|b cortes, fot., plantas
|
| 653 |
|
|
|a ARQUITECTURA
|
| 653 |
|
|
|a EDIFICIOS DE VIVIENDAS
|
| 653 |
|
|
|a MARIANI-PEREZ MARAVIGLIA
|
| 653 |
|
|
|a MAR DEL PLATA
|
| 653 |
|
|
|a DETALLES CONSTRUCTIVOS
|
| 653 |
|
|
|a CARPINTERIA METALICA
|
| 653 |
|
|
|a LADRILLO
|
| 773 |
0 |
|
|t SUMMA
|g no. 294-295 [1992], p. 58-63
|
| 942 |
|
|
|c ARTI
|
| 952 |
|
|
|0 0
|1 0
|4 0
|7 0
|9 51368
|a AR-BAuAD
|b AR-BAuAD
|d 2025-07-11
|l 0
|p AAQA006448
|r 2025-07-11 11:07:54
|w 2025-07-11
|y ARTI
|
| 990 |
|
|
|a AQ199
|b TD
|
| 998 |
|
|
|a AAQ
|b BIBUN76
|
| 999 |
|
|
|c 31041
|d 31041
|